000 02153nam a2200277 4500
005 20250329165444.0
008 180125s2021 000 0 eng d
040 _aCO-CtgCURN
_bspa
_ccoctgcurn
082 0 _aINQ 2021
_bA524
100 1 _aBanda Pérez, María Isabel.
245 1 0 _aFactores educativos asociados con el desempeño académico en las prácticas formativas del estudiante de Instrumentación Quirúrgica a causa de la pandemia por COVID-19 en la Corporación Universitaria Rafael Núñez de Cartagena, años 2017-2021. /
_cMaría Isabel Banda Pérez; Camila A. González Guzmán; Pedro Dabar Osorio Calderón; tutores: Jaime A. Lorduy Gómez; Stephanye Carrillo González; Ruby Muñoz Baldiris.
260 _aCartagena de Indias :
_bCorporación Universitaria Rafael Nuñez,
_c2021.
300 _a52 hojas.
502 _aTrabajo de Grado. (Instrumentador Quirurgico). Corporación Universitaria Rafael Nuñez . Facultad de Ciencias de la Salud . Programa de Instrumentación Quirúrgica, 2021.
520 _a" La pandemia del COVID -19 obligó a las universidades en todo el mundo a cerrar sus puertas, impactando a un número sin precedente de estudiantes en todo el planeta; estudiantes, docentes y administrativos están haciendo un gran esfuerzo para sobrellevar y continuar aprendiendo durante el confinamiento. Cerrando así 175 países y comunidades, y más de 220 millones de estudiantes han visto que sus estudios han sido interrumpidos o sumamente afectados. "
650 0 _aInstumentacion quirurgica
_vTesis y Disertaciones Academicas.
700 1 _aGonzález Guzmán, Camila A.
700 1 _aOsorio Calderón, Pedro Dabar.
700 1 _aMuñoz Baldiris, Ruby,
_ctutor.
700 1 _aCarrillo González, Stephanye,
_ctutor.
700 1 _aLorduy Gómez, Jaime,
_ctutor.
856 7 _uhttps://unicurn.sharepoint.com/:b:/s/biblioteca/EWgaysgBzAhJkjyQQYh2R_8B-BCcvcmDT0WgLn9bWg94Lw?e=Xb2A2c
_zClick aqui para ver el recurso en texto completo
856 7 _zClick aqui para ver el recurso en texto completo
942 _2ddc
_cTG
_hINQ 2021
_iA524
999 _c4596
_d4596